Dora Characters!! Quiz Stats

 Plays Quiz not verified by Sporcle

Support Sporcle.
Go Orange.
Score 0/13 Timer 05:00
0 Plays Today
Character % Correct
Dora
98.9%
Boots
93.3%
Swiper
80.6%
Benny
76.1%
Map
71.1%
Tico
70.6%
Backpack
68.3%
Diego
67.8%
Isa
66.1%
Alicia
30.6%
Baby Jaguar
28.3%
Rescue Pack
16.1%
10%

You're not logged in!

Compare scores with friends on all Sporcle quizzes.
OR
Log In

From the Vault

LOST: Sawyer Nicknames

by Derek

They once were LOST, but now they're just off the air.
Remove Ads.
Support Sporcle.
Get the best of Sporcle when you Go Orange. This ad-free experience offers more features, more stats, and more fun while also helping to support Sporcle. Thank you for becoming a member.

Show Comments

Extras

Created Mar 10, 2012ReportNominate
Tags:Character, dora

Top Quizzes Today


Score Distribution

Your Account Isn't Verified!

In order to create a playlist on Sporcle, you need to verify the email address you used during registration. Go to your Sporcle Settings to finish the process.

Report this User

Report this user for behavior that violates our Community Guidelines.

Details: